Culture générale - Formule 1 - Statistiques

Statistiques générales
  • Ce quiz a été pris 265 fois
  • Le résultat moyen est 14 sur 31
Statistiques - réponses
Question Réponse % Correct
Qui est le plus jeune pilote à avoir remporté un Grand Prix de F1 ? Max Verstappen
90%
Quel pilote a remporté le plus de Grands Prix en une seule saison ? Max Verstappen
90%
En quelle année a eu lieu la première course de Formule 1 ? 1950
87%
En quelle année ? 2023
82%
Combien de Grands Prix composent la saison de F1 en 2024 ? 24
82%
En quelle année Lewis Hamilton a-t-il remporté son premier titre de champion du monde ? 2008
78%
Quel est le circuit le plus court du calendrier de la F1 ? Circuit de Monaco
73%
Quelle course est surnommée "Le joyau de la couronne" ? Circuit de Monaco
73%
Qui est le fondateur de l'écurie McLaren ? Bruce McLaren
68%
Quel pilote a remporté le Grand Prix de Monaco cinq fois consécutives de 1989 à 1993 ? Ayrton Senna
66%
Avec combien de victoires ? 15
60%
Quel pilote a remporté le premier championnat du monde de F1 ? Giuseppe Farina
53%
Qui était le premier pilote à remporter un Grand Prix pour l'équipe Red Bull ? Sebastian Vettel
51%
Quel pilote a été le plus jeune champion du monde de F1 ? Sebastian Vettel
51%
Quel circuit a été le premier à accueillir un Grand Prix de nuit en F1 ? Circuit de Singapour
49%
Quel est le circuit le plus rapide du calendrier de la F1 ? Circuit de Monza
43%
Quel pilote a perdu la vie lors du Grand prix de Suzuka au Japon ? Jules Bianchi
40%
Qui était le premier pilote à remporter un championnat du monde pour Ferrari ? Alberto Ascari
37%
Quel pilote a remporté le Grand Prix d'Italie à Monza en 2020 ? Pierre Gasly
35%
Quel est le circuit le plus long du calendrier de la F1 ? Circuit de Spa-Francorchamps
30%
Qui est le premier champion du monde de F1 à recevoir le titre de "Sir" par la reine d'Angleterre ? Jackie Stewart
30%
Combien de victoires Ayrton Senna a-t-il remportées dans sa carrière en F1 ? 41
29%
Qui est le seul pilote à avoir remporté des Grands Prix pour trois équipes différentes ? Fernando Alonso
27%
Quand a été crée le championnat du monde des constructeurs ? (auparavant coupe des constructeurs) 1958
22%
Quel est le nom du virage le plus célèbre du circuit de Monaco ? La Rascasse
21%
Qui a été le premier pilote finlandais à remporter un championnat du monde de F1 ? Keke Rosberg
19%
Quel est le premier pilote britannique à avoir remporté un championnat du monde de F1 ? Mike Hawthorn
15%
Quel pilote a remporté le plus de Grands Prix sans jamais gagner un championnat du monde ? Stirling Moss
11%
Quel constructeur a remporté le premier championnat des constructeurs ? Vanwall
8%
Pour quelle écurie ? Alf Romeo
1%
Pourquoi ce titre est spécial ? Il n'a remporté aucun grand prix
0%
Aucun quiz correspondant
Distribution des résultats
% des personnes avec chaque résultat
Percentile par nombre de réponses
Votre historique - résultats
Vous n’avez pas pris ce quiz